Coleoptera Families - Statistics

General Stats
  • This quiz has been taken 3 times
  • The average score is 20 of 26
Answer Stats
Hint Answer % Correct
metallic wood-boring/jewel bugs Buprestidae
100%
soldier beetles Cantharidae
100%
ground and tiger beetles Carabidae
100%
lady-bird beetles (ladybugs) Coccinellidae
100%
weevils Curculionidae
100%
click beetles Elateridae
100%
riffle beetles Elmidae
100%
whirligig beetles Gyrinidae
100%
water scavenger Hydrophilidae
100%
fireflies Lampyridae
100%
stag beetles Lucanidae
100%
blister beetles Meloidae
100%
bess beetles Passalidae
100%
rove beetles Staphylinidae
100%
darkling beetles Tenebrionidae
100%
long-horned beetles Cerambycidae
67%
leaf beetles Chrysomelidae
67%
hister beetles Histeridae
67%
net-winged beetles Lycidae
67%
dung beetles Scarabaeidae
67%
carrion beetles Silphidae
67%
checkered beetles Cleridae
33%
flat bark beetles Cucujidae
33%
predaceous diving beetles Dystiscidae
33%
water penny beetles Psephenidae
33%
diabolical ironclad beetles Zopheridae
0%
No matching quizzes found
Score Distribution
Percent of People with Each Score
Percentile by Number Answered
Your Score History
You have not taken this quiz